00857 2200373 4500001002100000005001500021035002000036007000300056008004100059020001800100082001000118084001600128100001400144245005200158250001100210260003100221300002100252990001300273990001500286990001300301990001300314990001300327990001300340990001300353990001300366990001300379990001300392990001300405990001300418990001300431990001300444990001300457990001300470INLIS00000000000770620260406114648 a0010-0426000017ta260406 | | ind  a979-8034-89-9 a628.5 a628.5 SUG d0 aSugiharto1 aDasar-Dasar Pengelolaan Air Limbah /cSugiharto aCet. 1 aJakarta :bUI Press,c1987 a198 hlm ;c23 cm a086/2026 a086.2/2026 a086/2026 a086/2026 a086/2026 a086/2026 a086/2026 a086/2026 a086/2026 a086/2026 a086/2026 a086/2026 a086/2026 a086/2026 a086/2026 a086/2026